Odstraňovanie vysokých koncentrácií dusíka nitritáciou - denitritáciou diplomová práca

Saved in:
Bibliographic Details
Main Author: Kleščík, Michal
Format: Book
Language:Slovak
Published: Bratislava STU FCHPT 2015
Online Access:View in OPAC
Tags: Add Tag
No Tags, Be the first to tag this record!

MARC

LEADER 00000nam a2200000 a 4500
005 20260127134339.0
008 151201 2015 000 0 slo d
035 |a vtls011425247 
039 9 |y 201512010824  |z mschk03 
040 |a STUSCHK1  |b slo  |c STUSCHK1  |e AACR2 
100 1 |a Kleščík, Michal 
245 1 |a Odstraňovanie vysokých koncentrácií dusíka nitritáciou - denitritáciou  |b diplomová práca  |c Michal Kleščík 
260 |a Bratislava  |b STU FCHPT  |c 2015 
300 |a 59 s.  |b il.  |c 25 cm 
500 |a Študijný program: technológie ochrany životného prostredia 
500 |a Študijný odbor: chemické technológie 
500 |a Školiace pracovisko: Odd. environmentálneho inžinierstva 
500 |a Evid. číslo: FCHPT-100568-68780 
910 |a SCHK95 
999 |c 10474  |d 10474